[Event "Monarch Assurance Isle of Man"]
[Site "Port Erin IOM"]
[Date "2004.09.27"]
[Round "3.7"]
[White "Sprenger, Jan Michael"]
[Black "Iordachescu, Viorel"]
[Result "1/2-1/2"]
[WhiteElo "2477"]
[BlackElo "2633"]
[PlyCount "91"]
[EventDate "2004.09.25"]

1. e4 c6 2. d4 d5 3. exd5 cxd5 4. c4 Nf6 5. Nc3 e6 6. Nf3 Bb4 7. Bd3 dxc4 8.
Bxc4 O-O 9. O-O a6 10. a3 Bxc3 11. bxc3 Qc7 12. Qe2 Nbd7 13. a4 Nb6 14. Bd3
Qxc3 15. Ba3 Re8 16. a5 Nbd5 17. Bd6 Qc6 18. Be5 b5 19. axb6 Qxb6 20. Rfb1 Qd8
21. Rb3 {(=)} 21... Ra7 22. Bxa6 Nc7 23. Bxc7 Qxc7 24. Qf1 Bxa6 25. Rxa6 Rxa6
26. Qxa6 h6 27. g3 Qc2 28. Qd3 Qxd3 29. Rxd3 Ra8 30. Kg2 g5 31. h3 Kg7 32. Rd2
Ra1 33. Rd3 Ne4 34. Nd2 Nd6 35. g4 Ra2 36. Kf3 Ra4 37. Ke3 f5 38. f4 Kf6 39.
fxg5+ hxg5 40. Rb3 Ra1 41. gxf5 Nxf5+ 42. Kd3 Rd1 43. Rb1 Rxb1 44. Nxb1 Nd6 45.
Nc3 Kf5 46. Ne2 1/2-1/2

[Event "Monarch Assurance Isle of Man"]
[Site "Port Erin IOM"]
[Date "2004.09.27"]
[Round "3.8"]
[White "Zhang Zhong"]
[Black "Ramesh, R.B."]
[Result "1/2-1/2"]
[WhiteElo "2603"]
[BlackElo "2484"]
[PlyCount "72"]
[EventDate "2004.09.25"]

1. e4 c5 2. Nf3 Nc6 3. Bb5 e6 4. Bxc6 bxc6 5. d3 Qc7 6. O-O d6 7. Ne1 Nf6 8.
Nc3 Be7 9. f4 O-O 10. Nf3 d5 11. Qe1 Rb8 12. Kh1 Ba6 13. b3 c4 14. e5 Nd7 15.
dxc4 dxc4 16. Rg1 Rfd8 17. Ne4 Nc5 18. Ba3 Nxe4 19. Bxe7 Qxe7 20. Qxe4 c5 21.
Rgd1 cxb3 22. axb3 Bb7 23. Qe3 Bxf3 24. Qxf3 h6 25. Qc6 Rdc8 26. Qa6 c4 27.
bxc4 Qc5 28. h3 Rb4 {(=)} 29. f5 Rb6 30. Qxa7 exf5 31. Ra5 Qc7 32. Qxc7 {(=)}
32... Rxc7 33. Rd6 Rb4 34. e6 fxe6 35. Rxe6 Rbxc4 36. Rxf5 Rxc2 1/2-1/2

[Event "Monarch Assurance Isle of Man"]
[Site "Port Erin IOM"]
[Date "2004.09.27"]
[Round "3.9"]
[White "Skripchenko, Almira"]
[Black "Agrest, Evgenij"]
[Result "1/2-1/2"]
[WhiteElo "2453"]
[BlackElo "2602"]
[PlyCount "151"]
[EventDate "2004.09.25"]

1. e4 c5 2. Nf3 e6 3. d3 Nc6 4. c3 d5 5. Qe2 e5 6. g3 d4 7. Bg2 Bg4 8. h3 Bh5
9. Nbd2 f6 10. a4 Nge7 11. Nc4 Qd7 12. O-O O-O-O 13. Rd1 Kb8 14. Bd2 Nc8 15.
Be1 g5 16. Rab1 Nd6 17. Na3 Ne8 18. Nc2 Ng7 19. b4 dxc3 20. Bxc3 Nd4 21. Ncxd4
cxd4 22. Be1 Rc8 23. Ra1 Be7 24. Rdb1 Rhd8 25. Kh2 Bf7 26. Qd1 h6 27. Nd2 h5
28. Bf1 h4 29. g4 Ne6 30. Nb3 Nf4 31. Nc1 Qe8 32. Ne2 Ne6 33. Bd2 Bd6 34. Rb2
Qe7 35. Qb1 Kc7 36. Nc1 Kd7 37. Be2 Nf4 38. Bd1 Ke8 39. Ne2 Ng6 40. Kg1 Rd7 41.
Rc2 Rdc7 42. Rxc7 Rxc7 43. Kf1 Nf8 44. Qb2 Qe6 45. Ke1 Nd7 46. Nc1 Kd8 47. Rb1
Qe7 48. Kf1 Nb6 49. Ra1 Nd7 50. Rb1 Nb8 51. Ke2 Ke8 52. Bb3 Rc8 53. Bxf7+ Qxf7
54. Kd1 Nd7 55. Qb3 Nb6 56. Qxf7+ Kxf7 57. Ra1 Nd7 58. f3 Nf8 59. Ne2 Ne6 60.
Rc1 Ra8 61. Rb1 Ke7 62. Nc1 Rc8 63. Ne2 Kd7 64. Rc1 Rxc1+ 65. Nxc1 a5 66. bxa5
Nc5 67. Kc2 Kc6 68. Bb4 Na6 69. Bxd6 Kxd6 70. Kb3 Kc5 71. Ka3 Nc7 72. Nb3+ Kc6
73. Nc1 Ne6 74. Ne2 Kc5 75. Kb3 Nd8 76. Ka3 1/2-1/2

[Event "Monarch Assurance Isle of Man"]
[Site "Port Erin IOM"]
[Date "2004.09.27"]
[Round "3.10"]
[White "Gordon, Stephen"]
[Black "Baklan, Vladimir"]
[Result "0-1"]
[WhiteElo "2338"]
[BlackElo "2595"]
[PlyCount "102"]
[EventDate "2004.09.25"]

1. e4 c5 2. Nf3 Nc6 3. Bb5 g6 4. O-O Bg7 5. c3 Nf6 6. e5 Nd5 7. d4 Nc7 8. Ba4
cxd4 9. cxd4 O-O 10. Bf4 Nd5 11. Bg3 d6 12. Nbd2 Nb6 13. Bxc6 bxc6 14. exd6
exd6 15. Ne4 f5 16. Nxd6 f4 17. Nxc8 fxg3 18. Nxb6 gxh2+ 19. Kxh2 axb6 20. Qb3+
Kh8 21. Ne5 Qh4+ 22. Kg1 Bxe5 23. dxe5 Rf5 24. g3 Qg4 25. Rac1 Rh5 26. Rc4 Qh3
27. Rh4 Rxh4 28. gxh4 Qxh4 29. Qg3 Qxg3+ 30. fxg3 Rxa2 31. e6 Ra8 32. e7 Kg7
33. Rd1 Kf7 34. Rd6 Ra1+ 35. Kg2 Rc1 36. Re6 Ke8 37. Kh3 b5 38. Kg4 c5 39. Re5
h6 40. Kf4 Rc4+ 41. Kf3 b4 42. g4 Rc2 43. b3 Rc3+ 44. Ke4 Rxb3 45. Kd5 Rc3 46.
Ke6 b3 47. Rd5 Re3+ 48. Kf6 Rxe7 49. Rxc5 Rb7 50. Rc1 b2 51. Re1+ Kf8 0-1

[Event "Monarch Assurance Isle of Man"]
[Site "Port Erin IOM"]
[Date "2004.09.27"]
[Round "3.12"]
[White "Kiriakov, Petr"]
[Black "Handke, Florian"]
[Result "1/2-1/2"]
[WhiteElo "2555"]
[BlackElo "2461"]
[PlyCount "148"]
[EventDate "2004.09.25"]

1. d4 d5 2. c4 c6 3. Nf3 Nf6 4. e3 a6 5. Nc3 b5 6. b3 Bg4 7. h3 Bxf3 8. gxf3
Nbd7 9. f4 e6 10. c5 g6 11. Bd3 Bg7 12. Bb2 Ng8 13. Qc2 Ne7 14. O-O-O Nf5 15.
Ne2 Nh4 16. Ng3 a5 17. Qe2 f5 18. Rhg1 Qf6 19. a3 b4 20. a4 Ra7 21. Kb1 Rf8 22.
Rc1 Kd8 23. f3 Bh6 24. Qf2 Nb8 25. Rcf1 Kc8 26. Bc1 Bg7 27. Bd2 Qd8 28. Be1 Bf6
29. Ne2 Nd7 30. Qh2 Nb8 31. Nc1 Raf7 32. Be2 Nd7 33. Nd3 Kb7 34. Bg3 Be7 35.
Rc1 Rg8 36. Qf2 Rfg7 37. Bf1 Ka7 38. Qe2 Qc8 39. Re1 Rf8 40. Qf2 Qd8 41. Kc2
Rgf7 42. Bh2 Qc7 43. Ra1 Qd8 44. Bg3 Rg7 45. Qe2 Qc8 46. Be1 Qb7 47. Rg5 Bf6
48. Ra2 Re8 49. Rg1 Be7 50. Kd1 Rf8 51. Rc2 Re8 52. Bg3 Qc8 53. Nb2 Reg8 54.
Nd3 Re8 55. Ne1 Reg8 56. Qd3 Rd8 57. Rh2 Rdg8 58. Qe2 g5 59. Bxh4 gxh4 60. Rhg2
Rg3 61. Nd3 R8g6 62. Nf2 Nb8 63. Nh1 Rxg2 64. Rxg2 Qg8 65. Ke1 Bf6 66. Kf2 Kb7
67. Kg1 Kc7 68. Nf2 Rg3 69. Nd3 Nd7 70. Kh2 Qg6 71. Qf2 Rxg2+ 72. Bxg2 Qg7 73.
Nc1 Qg6 74. Ne2 Bd8 1/2-1/2

[Event "Monarch Assurance Isle of Man"]
[Site "Port Erin IOM"]
[Date "2004.09.27"]
[Round "3.13"]
[White "Chandler, Murray"]
[Black "Jonkman, Harmen"]
[Result "1-0"]
[WhiteElo "2531"]
[BlackElo "2425"]
[PlyCount "111"]
[EventDate "2004.09.25"]

1. e4 e5 2. Nf3 Nc6 3. Bb5 Nf6 4. O-O Nxe4 5. d4 Nd6 6. Bxc6 dxc6 7. dxe5 Nf5
8. Qxd8+ Kxd8 9. Nc3 Bd7 10. Rd1 Kc8 11. Ng5 Be8 12. b3 b6 13. Bb2 Be7 14. Nge4
Kb7 15. Rd3 Rd8 16. Rad1 Kc8 17. g3 h5 18. f3 a5 19. Bc1 Rxd3 20. Rxd3 Bd7 21.
Ne2 c5 22. c4 a4 23. Kf2 axb3 24. axb3 Bc6 25. Bb2 Rd8 26. Rxd8+ Kxd8 27. Nf4
g6 28. Nd5 Ng7 29. h3 Ne6 30. Ke3 Bf8 31. f4 Bh6 32. Nef6 Bg7 33. g4 hxg4 34.
hxg4 Bh6 35. Ng8 Bf8 36. f5 gxf5 37. gxf5 Ng7 38. Kf4 Ne8 39. Kg5 b5 40. Nh6
Bxh6+ 41. Kxh6 Bd7 42. Kg5 c6 43. Ne3 Ke7 44. Ba3 b4 45. Bb2 Kf8 46. Ng4 Ng7
47. Nh6 Ne8 48. Bc1 Kg7 49. Ng4 Nc7 50. Be3 Na6 51. Nf6 Bc8 52. Ne8+ Kf8 53.
Nd6 Bd7 54. Kf6 Nc7 55. Bh6+ Kg8 56. Ke7 1-0

[Event "Monarch Assurance Isle of Man"]
[Site "Port Erin IOM"]
[Date "2004.09.27"]
[Round "3.14"]
[White "Afek, Yochanan"]
[Black "Rogers, Ian"]
[Result "0-1"]
[WhiteElo "2325"]
[BlackElo "2588"]
[PlyCount "58"]
[EventDate "2004.09.25"]

1. e4 Nc6 2. Nf3 d6 3. d4 Nf6 4. Nc3 Bg4 5. d5 Nb8 6. h3 Bxf3 7. Qxf3 g6 8. Be3
Bg7 9. g4 c6 10. Bd4 Nbd7 11. g5 Nh5 12. Bxg7 Nxg7 13. O-O-O O-O 14. h4 cxd5
15. Nxd5 e6 16. Ne3 Ne5 17. Qh3 Nh5 18. Qh2 Qb6 19. Be2 Rac8 20. Bxh5 gxh5 21.
Kb1 Rc6 22. Qg1 Rfc8 23. Rh3 Qb4 24. f3 Rb6 25. b3 Ra6 26. f4 Qa3 27. fxe5
Qxa2+ 28. Kc1 Qxb3 29. exd6 Qc3 0-1

[Event "Monarch Assurance Isle of Man"]
[Site "Port Erin IOM"]
[Date "2004.09.27"]
[Round "3.15"]
[White "Volkov, Sergey1"]
[Black "Plant, Paul R"]
[Result "1-0"]
[WhiteElo "2625"]
[BlackElo "2107"]
[PlyCount "71"]
[EventDate "2004.09.25"]

1. e4 e6 2. d4 d5 3. Nc3 Nf6 4. Bg5 dxe4 5. Nxe4 Be7 6. Bxf6 Bxf6 7. Nf3 O-O 8.
Qd2 b6 9. O-O-O Bb7 10. Qf4 Bxe4 11. Qxe4 Qd5 12. Bd3 Qxe4 13. Bxe4 c6 14. Ne5
Rc8 15. f4 Be7 16. Rhe1 Rc7 17. Re3 f6 18. Nc4 b5 19. Na5 Bb4 20. Nb3 Nd7 21.
Bf3 Bd6 22. g3 Kf7 23. Na5 Rac8 24. c3 Nb8 25. b4 Re8 26. Kc2 g6 27. Kb3 Bf8
28. a3 Bd6 29. c4 Rec8 30. Rde1 Re7 31. c5 Bc7 32. Nxc6 Nxc6 33. Bxc6 Bxf4 34.
gxf4 Rxc6 35. d5 Ra6 36. c6 1-0

[Event "Monarch Assurance Isle of Man"]
[Site "Port Erin IOM"]
[Date "2004.09.27"]
[Round "3.16"]
[White "Kotronias, Vasilios"]
[Black "Murtagh, Dermot"]
[Result "1-0"]
[WhiteElo "2608"]
[BlackElo "1889"]
[PlyCount "67"]
[EventDate "2004.09.25"]

1. e4 c5 2. Nf3 d6 3. d4 cxd4 4. Nxd4 Nf6 5. Nc3 g6 6. Be3 Bg7 7. f3 Nc6 8. Qd2
O-O 9. Bc4 Nxd4 10. Bxd4 Be6 11. Bb3 Qa5 12. O-O-O Rfc8 13. Kb1 Rc6 14. g4 Bxb3
15. cxb3 Rac8 16. h4 h5 17. g5 Ne8 18. Bxg7 Nxg7 19. f4 Qc5 20. Rh3 a6 21. Rd3
b5 22. f5 Qe5 23. Rd5 Qg3 24. fxg6 fxg6 25. e5 Nf5 26. exd6 Nxd6 27. Qe2 Nf5
28. Rxf5 gxf5 29. Qxe7 Qf3 30. a3 Rxc3 31. Qe6+ Kf8 32. Qh6+ Kg8 33. Rd7 Rc1+
34. Ka2 1-0

[Event "Monarch Assurance Isle of Man"]
[Site "Port Erin IOM"]
[Date "2004.09.27"]
[Round "3.17"]
[White "Gallagher, Joseph"]
[Black "Rendle, Thomas"]
[Result "1/2-1/2"]
[WhiteElo "2541"]
[BlackElo "2258"]
[PlyCount "53"]
[EventDate "2004.09.25"]

1. d4 f5 2. Nf3 g6 3. g3 Nf6 4. Bg2 Bg7 5. O-O O-O 6. c4 d6 7. Nc3 Nc6 8. d5
Na5 9. Qd3 c5 10. b3 a6 11. Bb2 Rb8 12. Rab1 b5 13. Ba1 b4 14. Nd1 f4 15. Rc1
Bf5 16. Qd2 fxg3 17. hxg3 Qd7 18. Nh4 Bh3 19. f3 e5 20. dxe6 Bxe6 21. Nf2 Rbd8
22. Rcd1 Qe7 23. Qg5 Rf7 24. Nh3 Qf8 25. Nxg6 hxg6 26. Qxg6 Bxh3 27. Bxh3
1/2-1/2

[Event "Monarch Assurance Isle of Man"]
[Site "Port Erin IOM"]
[Date "2004.09.27"]
[Round "3.18"]
[White "Ashton, Adam"]
[Black "Berzinsh, Roland"]
[Result "0-1"]
[WhiteElo "2270"]
[BlackElo "2455"]
[PlyCount "88"]
[EventDate "2004.09.25"]

1. e4 e5 2. Nf3 Nc6 3. Bb5 Nf6 4. O-O Nxe4 5. Re1 Nd6 6. Nxe5 Be7 7. Bf1 Nxe5
8. Rxe5 O-O 9. d4 Bf6 10. Re1 Nf5 11. c3 d5 12. Bf4 Nh4 13. Bd3 Ng6 14. Bg3 Be6
15. Nd2 c6 16. Qh5 Re8 17. f4 Nf8 18. f5 Bd7 19. Rxe8 Bxe8 20. Nf3 Be7 21. Re1
f6 22. Qg4 Bf7 23. Bf4 Nd7 24. Nh4 Kf8 25. Re3 Qb6 26. Rg3 Qxb2 27. Qxg7+ Ke8
28. Bf1 c5 29. Re3 cxd4 30. cxd4 Qxd4 31. Qg3 Rc8 32. Nf3 Qb6 33. Kh1 Nc5 34.
Nd2 Kd7 35. h3 Rg8 36. Qh4 h5 37. Qe1 Bd6 38. Bxd6 Qxd6 39. Bb5+ Kd8 40. Be2 d4
41. Ra3 Re8 42. Qf2 a6 43. Bf3 Kc7 44. Ra5 Nd3 0-1

[Event "Monarch Assurance Isle of Man"]
[Site "Port Erin IOM"]
[Date "2004.09.27"]
[Round "3.19"]
[White "Groffen, Hans"]
[Black "Schneider, Dmitry"]
[Result "0-1"]
[WhiteElo "2244"]
[BlackElo "2454"]
[PlyCount "82"]
[EventDate "2004.09.25"]

1. d4 Nf6 2. c4 c5 3. d5 b5 4. cxb5 a6 5. bxa6 g6 6. Nc3 Bxa6 7. Nf3 d6 8. g3
Bg7 9. Bg2 Nbd7 10. Rb1 O-O 11. b3 Ra7 12. Bb2 Qa8 13. O-O Rb8 14. Ba1 Rb4 15.
a3 Rb8 16. a4 Rab7 17. Re1 Qa7 18. Na2 Nb6 19. Nc3 Na8 20. Na2 Nb6 21. Nc3 Na8
22. Na2 Nc7 23. e4 Bc4 24. Nd2 Bd3 25. Rc1 h5 26. Qf3 Ba6 27. h3 Nd7 28. Bxg7
Kxg7 29. Qc3+ Kg8 30. Re3 Ne8 31. f4 c4 32. b4 Nb6 33. a5 Na4 34. Qa3 c3 35.
Rcxc3 Nxc3 36. Qxc3 Rc7 37. Qb3 Rbc8 38. Kh2 Rc2 39. Rf3 Rxd2 40. Nc3 Be2 41.
Nxe2 Rxe2 0-1

[Event "Monarch Assurance Isle of Man"]
[Site "Port Erin IOM"]
[Date "2004.09.27"]
[Round "3.20"]
[White "Sarakauskas, Gedi"]
[Black "Allen, Keith"]
[Result "1-0"]
[WhiteElo "2442"]
[BlackElo "2241"]
[PlyCount "55"]
[EventDate "2004.09.25"]

1. Nf3 f5 2. d4 Nf6 3. c4 g6 4. g3 Bg7 5. Bg2 O-O 6. O-O d6 7. Nc3 Qe8 8. d5 a5
9. Ne1 Kh8 10. Nd3 e5 11. dxe6 Qxe6 12. Qb3 Ne4 13. Nf4 Qe5 14. Nxe4 fxe4 15.
Bd2 c6 16. Bc3 Qe7 17. Rad1 Nd7 18. Bxg7+ Kxg7 19. Qc3+ Nf6 20. Rd4 Bf5 21.
Rfd1 Rad8 22. Qd2 Qe5 23. b3 Ne8 24. h3 g5 25. Nh5+ Kh6 26. g4 Bg6 27. Ng3 Rxf2
28. Kxf2 1-0

[Event "Monarch Assurance Isle of Man"]
[Site "Port Erin IOM"]
[Date "2004.09.27"]
[Round "3.22"]
[White "Smith, Andrew P"]
[Black "Williams, Simon K"]
[Result "0-1"]
[WhiteElo "2205"]
[BlackElo "2427"]
[PlyCount "82"]
[EventDate "2004.09.25"]

1. e4 e6 2. d4 d5 3. Nc3 Bb4 4. e5 Ne7 5. a3 Bxc3+ 6. bxc3 b6 7. Bb5+ c6 8. Bd3
Ba6 9. Qg4 Bxd3 10. cxd3 Nf5 11. Bg5 Qc7 12. Ne2 c5 13. O-O cxd4 14. Nxd4 Qd7
15. Nxf5 exf5 16. Qg3 Qe6 17. Rfe1 Nc6 18. Bf6 Rg8 19. c4 d4 20. c5 b5 21. Rab1
Rb8 22. Bg5 h6 23. Bd2 g5 24. h4 g4 25. Qf4 h5 26. Qg3 Kd7 27. Bg5 a5 28. Qf4
b4 29. axb4 axb4 30. Bf6 Rg6 31. Ra1 b3 32. Qd2 g3 33. f3 Rgg8 34. Reb1 Ra8 35.
Qb2 Rgb8 36. Ra3 Qd5 37. Rba1 Rxa3 38. Rxa3 Qxc5 39. Ra1 Qc2 40. Qa3 b2 41.
Qd6+ Ke8 0-1

[Event "Monarch Assurance Isle of Man"]
[Site "Port Erin IOM"]
[Date "2004.09.27"]
[Round "3.23"]
[White "Grant, Alan"]
[Black "Grafl, Florian"]
[Result "0-1"]
[WhiteElo "2193"]
[BlackElo "2411"]
[PlyCount "102"]
[EventDate "2004.09.25"]

1. c4 f5 2. g3 g6 3. Bg2 Nf6 4. Nc3 Bg7 5. d3 O-O 6. e4 fxe4 7. dxe4 d6 8. Nge2
c5 9. h3 Nc6 10. O-O Ne8 11. f4 Nc7 12. g4 Rb8 13. Rb1 Nd4 14. Be3 Nxe2+ 15.
Qxe2 Ne6 16. f5 Nd4 17. Qd3 Nc6 18. b3 Bd7 19. Ne2 Ne5 20. Qd5+ Kh8 21. Nf4 b5
22. fxg6 Nxg6 23. Nxg6+ hxg6 24. Qg5 bxc4 25. bxc4 Rxf1+ 26. Rxf1 Be6 27. Qxg6
Qg8 28. e5 Rf8 29. Bh6 Rxf1+ 30. Bxf1 Bxe5 31. Qh5 Qf7 32. Qh4 Qh7 33. Bg5 Bd4+
34. Kg2 Qxh4 35. Bxh4 d5 36. cxd5 Bxd5+ 37. Kh2 Bxa2 38. Bxe7 c4 39. g5 c3 40.
Bd3 Bb3 41. Ba3 Bd1 42. Bc1 a5 43. Kg3 a4 44. Kf4 Bc5 45. Ke4 Bb3 46. Bf4 Kg8
47. Bb1 c2 48. Bxc2 Bxc2+ 49. Kd5 Bf8 50. Be5 a3 51. Kc4 a2 0-1

[Event "Monarch Assurance Isle of Man"]
[Site "Port Erin IOM"]
[Date "2004.09.27"]
[Round "3.24"]
[White "Hutchinson, Norman"]
[Black "Pert, Richard"]
[Result "0-1"]
[WhiteElo "2176"]
[BlackElo "2407"]
[PlyCount "62"]
[EventDate "2004.09.25"]

1. e4 c5 2. c3 d6 3. d4 Nf6 4. Bd3 Qc7 5. Nf3 Bg4 6. O-O e6 7. h3 Bh5 8. Bf4
Nbd7 9. Nbd2 Be7 10. Re1 O-O 11. Nf1 cxd4 12. cxd4 e5 13. Be3 exd4 14. Bxd4 Ne5
15. Bxe5 dxe5 16. Ng3 Rfd8 17. Nxh5 Nxh5 18. Qc2 Qd6 19. Rad1 Nf4 20. Bf1 Qf6
21. Rxd8+ Bxd8 22. Qc3 Bb6 23. Rd1 h6 24. Rd7 Re8 25. Bc4 Kh8 26. Kf1 Qc6 27.
Rxf7 Qxe4 28. g3 Nxh3 29. Nxe5 Bd4 30. Ng6+ Kh7 31. Qd3 Qh1# 0-1

[Event "Monarch Assurance Isle of Man"]
[Site "Port Erin IOM"]
[Date "2004.09.27"]
[Round "3.25"]
[White "Peek, Marcel"]
[Black "McPhillips, Karl"]
[Result "1-0"]
[WhiteElo "2406"]
[BlackElo "2172"]
[PlyCount "107"]
[EventDate "2004.09.25"]

1. d4 Nf6 2. Nf3 d5 3. c4 e6 4. Nc3 Be7 5. Bg5 O-O 6. e3 h6 7. Bxf6 Bxf6 8. Qd2
Nc6 9. Rc1 a6 10. Be2 dxc4 11. Bxc4 b5 12. Be2 Bb7 13. Ne4 Be7 14. Nc5 Bxc5 15.
Rxc5 Qd6 16. O-O Rfd8 17. Qc2 Nb4 18. Qb3 Nd5 19. Rfc1 Rac8 20. a4 c6 21. Nd2
Nf6 22. Nc4 Qc7 23. axb5 axb5 24. Ne5 Qd6 25. Bf3 Nd5 26. Bxd5 exd5 27. Qc2 f6
28. Nd3 Ra8 29. g3 Ra4 30. b3 Ra3 31. Nb4 Rda8 32. Nxc6 Ra2 33. Qf5 Ra1 34.
Rxa1 Rxa1+ 35. Kg2 Ra3 36. Qc2 Ra8 37. Nb4 Qe6 38. h3 Bc8 39. g4 h5 40. Rc6 Qd7
41. Rc7 Qe6 42. Qc6 Qxc6 43. Nxc6 Kh7 44. Kg3 hxg4 45. hxg4 Be6 46. Re7 Bg8 47.
Rb7 Ra1 48. f3 Rc1 49. Ne7 Rc3 50. Nf5 Rxb3 51. Rxg7+ Kh8 52. Rg6 Bh7 53. Rxf6
Bxf5 54. Rxf5 1-0

[Event "Monarch Assurance Isle of Man"]
[Site "Port Erin IOM"]
[Date "2004.09.27"]
[Round "3.27"]
[White "Houska, Jovanka"]
[Black "Lutton, J.Ezra"]
[Result "1-0"]
[WhiteElo "2375"]
[BlackElo "2134"]
[PlyCount "55"]
[EventDate "2004.09.25"]

1. e4 Nc6 2. Nf3 f5 3. exf5 d5 4. d4 Bxf5 5. Bb5 Qd6 6. Ne5 Nf6 7. O-O Nd7 8.
Bxc6 bxc6 9. Qf3 Be4 10. Qc3 Nxe5 11. dxe5 Qg6 12. f3 Bf5 13. Re1 Kd7 14. Be3
Qf7 15. Nd2 e6 16. Nb3 a5 17. Nxa5 Ra6 18. b4 Be7 19. a4 Rha8 20. Nb3 c5 21.
Bxc5 Rxa4 22. Rxa4 Rxa4 23. Bxe7 Kxe7 24. Qxc7+ Kf8 25. Qd6+ Qe7 26. Nd4 Qxd6
27. exd6 Ra6 28. Nxf5 1-0

[Event "Monarch Assurance Isle of Man"]
[Site "Port Erin IOM"]
[Date "2004.09.27"]
[Round "3.28"]
[White "Adams, Phil"]
[Black "Bosboom-Lanchava, T."]
[Result "0-1"]
[WhiteElo "2124"]
[BlackElo "2370"]
[PlyCount "72"]
[EventDate "2004.09.25"]

1. e4 g6 2. d4 Bg7 3. Nc3 d6 4. Be3 a6 5. Qd2 b5 6. h4 Nf6 7. f3 h6 8. g4 Nbd7
9. O-O-O Bb7 10. Nh3 Nb6 11. Bd3 Nfd7 12. Rhe1 b4 13. Nd5 c6 14. Nxb6 Qxb6 15.
Kb1 Bxd4 16. Bxh6 Bc3 17. Qf4 Bxe1 18. Rxe1 Qd4 19. Qd2 Ne5 20. Ng1 Nc4 21.
Bxc4 Qxc4 22. Ne2 c5 23. Ng3 O-O-O 24. h5 d5 25. b3 Qb5 26. e5 gxh5 27. Nxh5 d4
28. Bg7 Rhg8 29. e6 fxe6 30. Rxe6 d3 31. Rxe7 Bxf3 32. Nf6 Rxg7 33. Rxg7 Qc6
34. g5 c4 35. bxc4 dxc2+ 36. Qxc2 Qe6 0-1

[Event "Monarch Assurance Isle of Man"]
[Site "Port Erin IOM"]
[Date "2004.09.27"]
[Round "3.29"]
[White "Armbruster, Alexander"]
[Black "Fox, Anthony"]
[Result "1-0"]
[WhiteElo "2351"]
[BlackElo "2123"]
[PlyCount "81"]
[EventDate "2004.09.25"]

1. d4 d5 2. c4 e6 3. Nc3 Nf6 4. Bg5 Be7 5. e3 O-O 6. Nf3 h6 7. Bh4 b6 8. cxd5
Nxd5 9. Bxe7 Qxe7 10. Nxd5 exd5 11. Rc1 Be6 12. Be2 c5 13. Ne5 Rc8 14. O-O Nd7
15. Nxd7 Qxd7 16. dxc5 bxc5 17. Qd2 Rab8 18. b3 Qc7 19. Bf3 Rd8 20. Rfd1 Qb6
21. g3 a5 22. Qc3 Rbc8 23. Qe5 Qc7 24. Qh5 f5 25. Qh4 Qb6 26. Qf4 Qc7 27. Qa4
Qb6 28. Qa3 d4 29. exd4 cxd4 30. Qe7 Rxc1 31. Rxc1 Qd6 32. Rc7 Qxe7 33. Rxe7
Bf7 34. Kf1 a4 35. bxa4 Bxa2 36. Ke1 Rb8 37. Rb7 Rc8 38. a5 Rc3 39. a6 Ra3 40.
a7 Kh7 41. Rc7 1-0

[Event "Monarch Assurance Isle of Man"]
[Site "Port Erin IOM"]
[Date "2004.09.27"]
[Round "3.30"]
[White "Pimmingstorfer, Christian"]
[Black "Howell, David W"]
[Result "0-1"]
[WhiteElo "2116"]
[BlackElo "2334"]
[PlyCount "58"]
[EventDate "2004.09.25"]

1. f4 e5 2. fxe5 Nc6 3. Nf3 g5 4. e3 g4 5. Ng1 d6 6. exd6 Bxd6 7. Ne2 Ne5 8. d4
Qh4+ 9. g3 Nf3+ 10. Kf2 Qe7 11. Nbc3 Bf5 12. Nd5 Qd7 13. c4 c6 14. Ndc3 Nf6 15.
Nf4 O-O-O 16. Bd3 Bxf4 17. gxf4 Rhe8 18. Qc2 Nxd4 19. Bxf5 Nxf5 20. Rd1 Qe6 21.
Rxd8+ Rxd8 22. b3 g3+ 23. hxg3 Ng4+ 24. Kf3 Ngxe3 25. Qe4 Qg6 26. Bxe3 Qxg3+
27. Ke2 Qh2+ 28. Ke1 Nxe3 29. Rb1 Qd2# 0-1

[Event "Monarch Assurance Isle of Man"]
[Site "Port Erin IOM"]
[Date "2004.09.27"]
[Round "3.31"]
[White "Cox, John"]
[Black "Van Kemenade, Rudy"]
[Result "1-0"]
[WhiteElo "2314"]
[BlackElo "2107"]
[PlyCount "61"]
[EventDate "2004.09.25"]

1. d4 Nf6 2. Nf3 g6 3. c4 Bg7 4. Nc3 O-O 5. e4 d6 6. Be2 Bg4 7. Be3 Nfd7 8. Qb3
Qc8 9. Rd1 c6 10. O-O Na6 11. h3 Bxf3 12. Bxf3 e5 13. Qa3 exd4 14. Bxd4 Ne5 15.
Be2 Qe6 16. Qb3 Nc5 17. Bxc5 dxc5 18. f4 Nd7 19. e5 Nb6 20. a4 Qe7 21. a5 Nc8
22. Rd3 f6 23. Bg4 b6 24. Qa4 fxe5 25. Qxc6 Rb8 26. Rd7 Qf6 27. Qc7 bxa5 28.
Ne4 Qb6 29. Rxg7+ Kh8 30. Rxh7+ Kg8 31. Qg7# 1-0

[Event "Monarch Assurance Isle of Man"]
[Site "Port Erin IOM"]
[Date "2004.09.27"]
[Round "3.32"]
[White "Greet, Andrew N"]
[Black "Noordhoek, Henk"]
[Result "1-0"]
[WhiteElo "2310"]
[BlackElo "2095"]
[PlyCount "55"]
[EventDate "2004.09.25"]

1. d4 Nf6 2. Nf3 g6 3. g3 Bg7 4. Bg2 c5 5. c4 cxd4 6. Nxd4 Nc6 7. O-O Qb6 8.
Nb3 d6 9. Nc3 O-O 10. Be3 Qd8 11. Rc1 Be6 12. c5 Ng4 13. Bf4 Bxb3 14. Qxb3 Na5
15. Qa4 Ne5 16. cxd6 exd6 17. Nb5 Nac6 18. Rfd1 Qb6 19. Be3 Qa5 20. Qxa5 Nxa5
21. b3 Ng4 22. Bxa7 Be5 23. Bb6 Nc6 24. a4 Ra6 25. Bc7 Rfa8 26. h3 Nf6 27. f4
Bb2 28. Rc2 1-0

[Event "Monarch Assurance Isle of Man"]
[Site "Port Erin IOM"]
[Date "2004.09.27"]
[Round "3.34"]
[White "Ramaswamy, Aarthie"]
[Black "Horton, Justin"]
[Result "1-0"]
[WhiteElo "2299"]
[BlackElo "2091"]
[PlyCount "100"]
[EventDate "2004.09.25"]

1. e4 e5 2. Nf3 Nc6 3. Bb5 a6 4. Ba4 Nf6 5. O-O Be7 6. Re1 b5 7. Bb3 d6 8. c3
O-O 9. h3 Nb8 10. d4 Nbd7 11. Nbd2 Bb7 12. Bc2 Re8 13. a4 c5 14. Bd3 Qb6 15. b3
Bf8 16. d5 g6 17. Nf1 Nh5 18. Ne3 Bg7 19. Bf1 Ndf6 20. Qc2 Rab8 {(=)} 21. Bd2
Bc8 22. Ra2 Bd7 23. axb5 axb5 24. Rea1 Rec8 25. Ra7 Rb7 26. R7a6 Qc7 27. g3
Rcb8 28. Kh2 Rb6 29. Ra7 R6b7 30. R7a6 Rb6 31. Ra7 R6b7 32. R7a5 Qc8 33. Ng1 h6
34. f3 Qd8 35. Qc1 Nh7 36. Ng2 f5 37. Bxh6 fxe4 38. fxe4 Qf6 39. Be2 Rf8 40.
Be3 Qf7 41. Qc2 Qe7 42. Ra7 Bc8 43. Rxb7 Qxb7 44. Nh4 Nf4 45. gxf4 exf4 46. Bf2
g5 47. Nf5 Bxf5 48. exf5 Qxd5 49. Bxb5 Qe5 50. Nf3 Qxc3 1-0

[Event "Monarch Assurance Isle of Man"]
[Site "Port Erin IOM"]
[Date "2004.09.27"]
[Round "3.35"]
[White "Truman, Richard G"]
[Black "Bannink, Bernard"]
[Result "1/2-1/2"]
[WhiteElo "2023"]
[BlackElo "2280"]
[PlyCount "98"]
[EventDate "2004.09.25"]

1. d4 d5 2. c4 c6 3. Nf3 Nf6 4. Nc3 dxc4 5. a4 Bf5 6. Nh4 e6 7. Nxf5 exf5 8. e3
Bd6 9. Bxc4 O-O 10. Qf3 g6 11. h3 Re8 12. g4 f4 13. O-O Bc7 14. d5 fxe3 15.
Bxe3 Nbd7 16. Bg5 Qe7 17. dxc6 Qd6 18. Rfd1 Qh2+ 19. Kf1 Ne5 20. Qg2 Qxg2+ 21.
Kxg2 bxc6 22. Bf1 Ned7 23. Rd2 Kg7 24. Rad1 Nc5 25. Bc4 Ba5 26. Bxf6+ Kxf6 27.
Rd6+ Kg7 28. Rxc6 Rac8 29. Bb5 Rxc6 30. Bxc6 Rc8 31. Bb5 a6 32. Be2 Re8 33. Rd5
Bb4 34. Bc4 Ne6 35. Kf3 Bxc3 36. bxc3 Rc8 37. Bxa6 Rxc3+ 38. Rd3 Ng5+ 39. Ke3
Rc6 40. Bb7 Re6+ 41. Kd2 Rf6 42. Bd5 Rxf2+ 43. Kc3 f5 44. a5 Ne4+ 45. Bxe4 fxe4
46. Re3 Ra2 47. Kb4 Rb2+ 48. Rb3 Ra2 49. Ra3 Rb2+ 1/2-1/2

[Event "Monarch Assurance Isle of Man"]
[Site "Port Erin IOM"]
[Date "2004.09.27"]
[Round "3.36"]
[White "Bigg, Andrew J"]
[Black "Pym, Thomas W"]
[Result "1-0"]
[WhiteElo "2275"]
[BlackElo "2059"]
[PlyCount "75"]
[EventDate "2004.09.25"]

1. d4 Nf6 2. Nf3 c5 3. d5 d6 4. Nc3 g6 5. e4 a6 6. a4 Bg7 7. Be2 O-O 8. O-O
Nbd7 9. Nd2 Rb8 10. f4 Ne8 11. Nc4 Nb6 12. Ne3 Bd7 13. a5 Nc8 14. Qe1 Nc7 15.
f5 Nb5 16. Nxb5 axb5 17. Ng4 Bd4+ 18. Kh1 h5 19. Nh6+ Kg7 20. Ra3 e6 21. dxe6
fxe6 22. Rg3 exf5 23. exf5 Ne7 24. Bxh5 Bxf5 25. Nxf5+ Rxf5 26. Rxf5 Nxf5 27.
Rxg6+ Kh7 28. Qe6 Qf8 29. Rg5 Ng3+ 30. hxg3 Qf1+ 31. Kh2 Qg1+ 32. Kh3 Qh1+ 33.
Kg4 Qd1+ 34. Kh4 Qh1+ 35. Qh3 Qxc1 36. Bg6+ Kg8 37. Qe6+ Kh8 38. Rh5+ 1-0